General Knowledge Quiz #188 - Statistics

General Stats
  • This quiz has been taken 58,348 times
  • The average score is 12 of 20
Answer Stats
Question Answer % Correct
What animal lives in "lodges" that are built in rivers? Beaver
94%
What is the name of the winged horse from Greek mythology? Pegasus
89%
What type of animals were the leaders in the book "Animal Farm"? Pigs
84%
Who encountered a giant that said "fee, fi, fo, fum"? Jack
80%
What mysterious formations, notorious in the 1990s, did some people think were caused by aliens? {Crop} circles
72%
What do you add to a two-piece suit to make a three-piece suit? Vest
72%
What do people who are on the Atkins diet avoid eating? Carbs
71%
What is the name of the series of wars in which Europeans sought to capture the Holy Land? The Crusades
71%
What empire was ruled by Moctezuma? Aztec Empire
70%
What came to an end on the 11th hour of the 11th day of the 11th month? World War I
68%
What cute, furry creatures were featured in the movie "Return of the Jedi"? Ewoks
64%
What do many people do to the Blarney Stone? Kiss it
61%
In what country would you find people who are known as Boers? South Africa
60%
What country did Eritrea gain its independence from in 1993? Ethiopia
59%
What actor has starred in "Jurassic Park", "Independence Day", and "Thor: Ragnarok"? Jeff Goldblum
50%
Whose belly shakes a like a bowl full of jelly? Santa Claus
43%
What is like a grove or a copse, but larger? Forest
36%
What singer performs with the "E Street Band"? Bruce Springsteen
35%
What does a panacea cure? Everything
30%
Who wrote "The Fountainhead" and "Atlas Shrugged"? Ayn Rand
29%
No matching quizzes found
Score Distribution
Percent of People with Each Score
Percentile by Number Answered
Your Score History
You have not taken this quiz